Artificial Intelligence (Record no. 1683)

MARC details
000 -LEADER
Fixed length control field 00582nam a2200205 4500
003 - CONTROL NUMBER IDENTIFIER
Control field SEACOMEC
005 - DATE AND TIME OF LATEST TRANSACTION
Control field 20250324130517.0
008 - FIXED-LENGTH DATA ELEMENTS--GENERAL INFORMATION
Fixed length control field 240319b |||||||| |||| 00| 0 eng d
020 ## - INTERNATIONAL STANDARD BOOK NUMBER / ISBN
International Standard Book Number 9788120323827
Price Rs.395.00
040 ## - CATALOGING SOURCE
Original cataloging agency SEACOMEC
041 ## - LANGUAGE CODE
Language code English
082 ## - DEWEY DECIMAL CLASSIFICATION NUMBER
Classification number 006.3
Book Number R967
100 ## - MAIN ENTRY--PERSONAL NAME
Personal name Russell, J. Stuart
245 ## - TITLE STATEMENT
Title Artificial Intelligence
Sub title : A Modern Approach.
Statement of responsibility / Stuart J. Russell and Peter Norvig
250 ## - EDITION STATEMENT
Edition statement 2nd edition
260 ## - IMPRINT
Place of publication New Delhi
Name of publisher PRENTICE HALL INDIA
Date of publication 2006
300 ## - PHYSICAL DESCRIPTION
Page / Vol. No 1080
Dimensions 27cm
650 ## - SUBJECT ADDED ENTRY--TOPICAL TERM
Topical term Artificial intelligence
942 ## - ADDED ENTRY ELEMENTS (KOHA)
Koha item type Books
Holdings
Withdrawn status Lost status Source of classification Damaged status Not for loan Home library Current library Date acquired Total Checkouts Call number Accession number Date last seen Price effective from Koha item type Copy number
    Dewey Decimal Classification     SEACOM ENGINEERING COLLEGE SEACOM ENGINEERING COLLEGE 14/06/2007   006.3 R967 7060 03/09/2024 03/09/2024 Reference Books  
    Dewey Decimal Classification     SEACOM ENGINEERING COLLEGE SEACOM ENGINEERING COLLEGE 14/06/2007   006.3 R967 7061 03/09/2024 03/09/2024 Books 1
    Dewey Decimal Classification     SEACOM ENGINEERING COLLEGE SEACOM ENGINEERING COLLEGE 14/06/2007   006.3 R967 7062 03/09/2024 03/09/2024 Books 2
    Dewey Decimal Classification     SEACOM ENGINEERING COLLEGE SEACOM ENGINEERING COLLEGE 14/06/2007   006.3 R967 7063 03/09/2024 03/09/2024 Books 3
    Dewey Decimal Classification     SEACOM ENGINEERING COLLEGE SEACOM ENGINEERING COLLEGE 14/06/2007   006.3 R967 7064 03/09/2024 03/09/2024 Books 4
    Dewey Decimal Classification     SEACOM ENGINEERING COLLEGE SEACOM ENGINEERING COLLEGE 12/09/2009   006.3 R967 14731 24/03/2025 24/03/2025 Books 5
    Dewey Decimal Classification     SEACOM ENGINEERING COLLEGE SEACOM ENGINEERING COLLEGE 12/09/2009   006.3 R967 14732 24/03/2025 24/03/2025 Books 6
    Dewey Decimal Classification     SEACOM ENGINEERING COLLEGE SEACOM ENGINEERING COLLEGE 12/09/2009   006.3 R967 14733 24/03/2025 24/03/2025 Books 7
    Dewey Decimal Classification     SEACOM ENGINEERING COLLEGE SEACOM ENGINEERING COLLEGE 12/09/2009   006.3 R967 14734 24/03/2025 24/03/2025 Books 8
    Dewey Decimal Classification     SEACOM ENGINEERING COLLEGE SEACOM ENGINEERING COLLEGE 12/09/2009   006.3 R967 14735 24/03/2025 24/03/2025 Books 9
© Seacom Engineering College, All rights reserved.      Powered by Koha